Datum a čas kvízu
35
Celkem bodů
Celkový počet nahraných bodů na tomto kvízu bez doplňovacích otázek.
2.
Pořadí na kvízu
Konečné umístění týmu na tomto kvízu.
Zaznamenané odpovědi
# | Otázka | Odpověď | Body | Výsledky |
---|---|---|---|---|
1. | Aktuální popularity čínské zub... | Jana Maláčová | 1 | |
2. | Britský magazín Time Out každo... | Bangkok | 1 | |
3. | Zářijové vydání magazínu Playb... | Dominika Myslivcová | 1 | |
4. | Ve čtvrtek sjel z výrobní link... | Švédsko | 1 | |
5. | Italskému fotografovi Rayovi G... | Jasmine Paolini | 1 | |
6. | Jak se nazývá věda, která se z... | adiktologie | 1 | |
7. | Na čem je závislý člověk, kter... | na internetu a digitálních technologiích | 1 | |
8. | Na fotografii vidíte asi nejzn... | Katka, Helena Třeštíková | 1 | |
9. | Při léčbě některých závislostí... | C | 1 | |
10. | Téma zakončíme u knih. Všechny... | 1C 2A 3B 4D | 0 |